Powiaty i miasta na prawach powiatu graniczące z Czechami - Statystyki

Ogólne statystyki
  • Ten quiz został rozwiązany 86 razy
    42 od ostatniego zresetowania
  • Średni wynik to 12 z 17
Statystyki odpowiedzi
Województwo powiat/miasto na prawach powiatu % Poprawnych
Śląskie cieszyński
94%
Dolnośląskie kłodzki
91%
Opolskie nyski
89%
Śląskie raciborski
86%
Dolnośląskie Jelenia Góra
83%
Śląskie wodzisławski
83%
Dolnośląskie zgorzelecki
83%
Dolnośląskie wałbrzyski
80%
Śląskie żywiecki
77%
Śląskie Jastrzębie-Zdrój
71%
Opolskie prudnicki
69%
Opolskie głubczycki
66%
Dolnośląskie karkonoski
63%
Dolnośląskie lubański
54%
Dolnośląskie lwówecki
54%
Dolnośląskie kamiennogórski
51%
Dolnośląskie ząbkowicki
51%
Nie znaleziono quizów pasujących do podanych kryteriów
Rozkład punktacji
Procent ludzi z każdym wynikiem
Percentyl według liczby udzielonych odpowiedzi
Twoja historia wyników
Nie rozwiązałeś tego quizu od ostatniego zresetowania